000 00258nam a22001217a 4500
082 _a894.812.3
_b54A/A
100 _aSHAKESPEAR,WILLIAM
245 _aROMEO AND JULIET
260 _aTHRISSUR
_bH&C
_c2012
300 _a48
650 _aSTORY
_zKERALA
942 _cBK
999 _c1808
_d1808